| 000 | 00667nam a2200193Ia 4500 | ||
|---|---|---|---|
| 003 | GCL | ||
| 005 | 20240530103359.0 | ||
| 008 | 140319s9999 xx 000 0 ara d | ||
| 040 |
_aGCL / _cGCL |
||
| 082 | 0 | 4 |
_a347.62 _bم و |
| 100 | 1 | _aمعوض عبدالتواب | |
| 245 | 1 | 0 |
_aالوسيط فى الجنحة المباشرة والدعوى المدنية امام القضاء الجنائى / _cمعوض عبدالتواب |
| 260 |
_a[S.N] : _bدار المطبوعات الجامعية ، _c1989 |
||
| 300 | _a269 ص | ||
| 650 | 0 | 4 | _aالقانون الجنائى |
| 650 | 0 | 4 | _aالقانون |
| 650 | 0 | 4 | _aقوانين وتشريعات |
| 942 |
_2ddc _cBK |
||
| 999 |
_c38939 _d38939 |
||